Clubs de Premier League (2022-2023) - Statistiques

Statistiques générales
  • Ce quiz a été pris 191 fois
  • Le résultat moyen est 15 sur 20
Statistiques - réponses
% Correct
Premier League Newcastle United
100%
Premier League Manchester City
98%
Premier League Manchester United
97%
Premier League Liverpool FC
96%
Premier League Arsenal FC
93%
Premier League Chelsea FC
93%
Premier League Tottenham Hotspurs
91%
Premier League West Ham United
77%
Premier League Everton FC
76%
Premier League Aston Villa
75%
Premier League Leicester City
68%
Premier League Brighton & Hove Albion
66%
Premier League Leeds United
62%
Premier League Fulham FC
59%
Premier League Nottingham Forest
59%
Premier League Wolverhampton Wanderers
58%
Premier League Crystal Palace
57%
Premier League Southampton FC
57%
Premier League Brentford FC
55%
Premier League Bournemouth AFC
44%
Aucun quiz correspondant
Distribution des résultats
% des personnes avec chaque résultat
Percentile par nombre de réponses
Votre historique - résultats
Vous n’avez pas pris ce quiz